Слово, которое по получении в Полтаве всерадостнейшаго известия, о всевожделенном рождении, его императорскаго высочества, благовернаго государя, великаго князя, Александра Павловича, 7. генваря 1778 года, после божественной литургии, пред начинанием Господу Богу благодарственнаго молебствия, преосвященным Евгением, архиепископом Славенским и Херсонским, со всем в Полтаве находящимся духовенством, соборне отправленнаго, в Полтавском Крестовоздвиженском монастыре, а по том в Успенской соборной тогож города церкве, произнес к торжествующим слушателям, Славенской епархии администратор и онаго монастыря архимандрит Феоктист Мочульский (Запись № 9690276)

Подробности
000 -МАРКЕР
контрольное поле 03943nam0a22004691 4500
001 - ИДЕНТИФИКАТОР ЗАПИСИ
контрольное поле RU\NLR\A1\23359
005 - ИДЕНТИФИКАТОР ВЕРСИИ
контрольное поле 20260409064902.0
035 ## - ДРУГИЕ СИСТЕМНЫЕ НОМЕРА
Идентификатор записи (NLR Aleph) 009677820
100 ## - ДАННЫЕ ОБЩЕЙ ОБРАБОТКИ
Данные общей обработки 19990915d1778 m y0rusy50 ca
101 0# - ЯЗЫК РЕСУРСА
Язык текста, звукозаписи и т.д. русский
102 ## - СТРАНА ПУБЛИКАЦИИ ИЛИ ПРОИЗВОДСТВА
Страна публикации российская федерация
135 ## - ПОЛЕ КОДИРОВАННЫХ ДАННЫХ: ЭЛЕКТРОННЫЕ РЕСУРСЫ
Кодированные данные для электронного ресурса crcn 024anaba
140 ## - ПОЛЕ КОДИРОВАННЫХ ДАННЫХ: СТАРОПЕЧАТНЫЕ ИЗДАНИЯ - ОБЩАЯ ИНФОРМАЦИЯ
Кодированные данные о старопечатном издании - Основные y y mayaa0000
200 1# - ЗАГЛАВИЕ И СВЕДЕНИЯ ОБ ОТВЕТСТВЕННОСТИ
Основное заглавие Слово, которое по получении в Полтаве всерадостнейшаго известия, о всевожделенном рождении, его императорскаго высочества, благовернаго государя, великаго князя, Александра Павловича, 7. генваря 1778 года, после божественной литургии, пред начинанием Господу Богу благодарственнаго молебствия, преосвященным Евгением, архиепископом Славенским и Херсонским, со всем в Полтаве находящимся духовенством, соборне отправленнаго, в Полтавском Крестовоздвиженском монастыре, а по том в Успенской соборной тогож города церкве, произнес к торжествующим слушателям, Славенской епархии администратор и онаго монастыря архимандрит Феоктист Мочульский
210 ## - ПУБЛИКАЦИЯ, РАСПРОСТРАНЕНИЕ И ДР.
Место издания, распространения и т.д. В Санктпетербурге
Имя издателя, распространителя и т. д. печатано при Артиллерийском и инженерном шляхетном кадетском корпусе, у содержателя типогравфии Х.Ф.Клеэна
Дата издания, распространения и т.д. 1778
215 ## - ФИЗИЧЕСКАЯ ХАРАКТЕРИСТИКА
Специфическое обозначение материала и объем 8 с.
Размеры
305 ## - ПРИМЕЧАНИЯ О ДАТЕ ОСНОВАНИЯ ИЗДАНИЯ
Текст примечания Имеется 2 изд., датир. 1778 г., отличающиеся набором и оформлением. В наст. изд. тит. л. без рамки
316 ## - ПРИМЕЧАНИЯ ОБ ОСОБЕННОСТЯХ ЭКЗЕМПЛЯРА
Текст примечания Экз. РНБ (140/526а) в обл. из бумаги "павлинье перо". На обл. через корешок бум. наклейка с номером "3217". На 4-й с. обл. экслибрис рус. фонда ГПБ с шифром. На 2-й с. обл. ярлык с шифром РНБ. На обороте тит. л. и с.8 круглый штамп ГПБ. Размер: 25,3х18,7х0,2 см
Организация и экземпляр, к которому относится поле NLR: 140/526а
321 1# - ПРИМЕЧАНИЯ ОБ ОТДЕЛЬНО ИЗДАННЫХ УКАЗАТЕЛЯХ / РЕФЕРАТАХ / ССЫЛКАХ, ОТРАЖАЮЩИХ КАТАЛОГИЗИРУЕМЫЙ ДОКУМЕНТ
Примечания об указателях, рефератах, ссылках СК XVIII 7727
325 ## - ПРИМЕЧАНИЕ О КОПИИ
Текст примечания Копия доступна в Электрон. б-ке РНБ
620 ## - МЕСТО И ДАТА ПУБЛИКАЦИИ, ИСПОЛНЕНИЯ И Т. Д.
Город Санкт-Петербург
700 #0 - ИМЯ ЛИЦА - ПЕРВИЧНАЯ ОТВЕТСТВЕННОСТЬ
Код отношения Автор
Материалы, к которым относится поле rus
Графика поля Кириллица
Начальный элемент ввода Феоктист
Дополнения к именам, кроме дат Мочульский, Иван
-- архиепископ Курский и Белгородский
Даты 1729-1818
Идентификатор авторитетной/нормативной записи RU\NLR\AUTH\7791319
Системный номер авторитетной/нормативной записи 74246
702 #1 - ИМЯ ЛИЦА - ВТОРИЧНАЯ ОТВЕТСТВЕННОСТЬ
Начальный элемент ввода Клеэн
Часть имени, кроме начального элемента ввода Х.Ф.
Даты -ок. 1784
Расширение инициалов личного имени Христиан Фридрих
Код отношения Печатник (типограф)
712 02 - НАИМЕНОВАНИЕ ОРГАНИЗАЦИИ - ВТОРИЧНАЯ ОТВЕТСТВЕННОСТЬ
Код отношения Печатник (типограф)
Начальный элемент ввода Артиллерийский и инженерный шляхетный кадетский корпус
Идентифицирующий признак Петербург
Структурное подразделение Типография
Идентификатор авторитетной/нормативной записи RU\NLR\AUTH\880627560
Системный номер авторитетной/нормативной записи 2659928
801 #0 - ИСТОЧНИК ЗАПИСИ
Страна российская федерация
Организация NLR
Дата составления 19990915
852 ## - МЕСТОНАХОЖДЕНИЕ И ШИФР ХРАНЕНИЯ
Идентификатор организации NLR
Шифр хранения (Call Number) 140/526а
856 #0 - МЕСТОНАХОЖДЕНИЕ ЭЛЕКТРОННЫХ РЕСУРОВ И ДОСТУП К НИМ
Универсальный идентификатор ресурса (Uniform Resource Identifier) https://vivaldi.nlr.ru/bx000025330/view
856 #1 - МЕСТОНАХОЖДЕНИЕ ЭЛЕКТРОННЫХ РЕСУРОВ И ДОСТУП К НИМ
Универсальный идентификатор ресурса (Uniform Resource Identifier) https://vivaldi.nlr.ru/bx000025330/cover
856 #2 - МЕСТОНАХОЖДЕНИЕ ЭЛЕКТРОННЫХ РЕСУРОВ И ДОСТУП К НИМ
Универсальный идентификатор ресурса (Uniform Resource Identifier) https://vivaldi.nlr.ru/bx000025330/text
899 ## - ДАННЫЕ О МЕСТОНАХОЖДЕНИИ (устаревшее)
Местонахождение РГБ
899 ## - ДАННЫЕ О МЕСТОНАХОЖДЕНИИ (устаревшее)
Местонахождение БАН
899 ## - ДАННЫЕ О МЕСТОНАХОЖДЕНИИ (устаревшее)
Местонахождение МГУ
942 ## - ДОПОЛНИТЕЛЬНЫЕ ЭЛЕМЕНТЫ ЗАПИСИ (АБИС)
Тип экземпляра АБИС Книга
980 ## - КОЛЛЕКЦИЯ
Название коллекции Национальная библиография
980 ## - КОЛЛЕКЦИЯ
Название коллекции Русская книга гражданской печати XVIII в. в библиотеках РФ
981 22 - КОЛЛЕКЦИЯ ЭЛЕКТРОННОЙ БИБЛИОТЕКИ
Название коллекции Материалы по истории России
Название подколлекции 2.03.1. Российский императорский дом
981 20 - КОЛЛЕКЦИЯ ЭЛЕКТРОННОЙ БИБЛИОТЕКИ
Название коллекции Книжные памятники РНБ
Название подколлекции Русский книжный фонд

Нет доступных экземпляров.